Historia de Chile: desde la prehistoria hasta 1891
Uloženo v:
| Hlavní autor: | |
|---|---|
| Médium: | Kniha |
| Jazyk: | španělština |
| Vydáno: |
Santiago, Chile
Nascimento
1949
|
| Témata: | |
| Tagy: |
Přidat tag
Žádné tagy, Buďte první, kdo vytvoří štítek k tomuto záznamu!
|
MARC
| LEADER | 00000cam a2200000 a 4500 | ||
|---|---|---|---|
| 001 | UCJ7272 | ||
| 003 | CL-VaPUC | ||
| 005 | 20220107074131.0 | ||
| 008 | 070124e19490000CL |||||||||||||||||spa|d | ||
| 999 | |c 323368 |d 323366 | ||
| 040 | |c Pontificia Universidad Católica de Valparaíso | ||
| 082 | 0 | 4 | |a 983 ENC 1949 |2 21 |
| 100 | |a Encina, Francisco Antonio |9 515542 | ||
| 245 | 1 | 0 | |a Historia de Chile: desde la prehistoria hasta 1891 |
| 260 | 0 | 3 | |a Santiago, Chile |b Nascimento |c 1949 |
| 300 | |a 20 v | ||
| 583 | |a last modification |c 20180102 02:52:22 |k Rodrigo Vera | ||
| 650 | 0 | |a Iconografía |9 267998 | |
| 650 | 7 | |a HISTORIA GENERAL |2 CL-VaPUC |9 372027 | |
| 650 | 0 | |a Fuentes Históricas |9 265141 | |
| 942 | |c BK |2 ddc | ||
| 945 | |d 20070124 00:00:00 |a rinostro | ||
| 952 | |0 0 |1 0 |2 ddc |3 erd |4 0 |6 983_000000000000000_ENC_1949 |7 0 |8 X |9 402888 |a FDOBUD |b FDOBUD |e Rojas Zúñiga, Herman, -2014 |h t.1 |i 5175267 |o 983 ENC 1949 |p 5175267 |r 2019-11-22 |t 1 |w 2019-11-22 |y BK_X |z Catalogado en:20150520 |k BUD | ||
| 952 | |0 0 |1 0 |2 ddc |3 erd |4 0 |6 983_000000000000000_ENC_1949 |7 0 |8 X |9 402889 |a FDOBUD |b FDOBUD |e Rojas Zúñiga, Herman, -2014 |h t.2 |i 5175275 |o 983 ENC 1949 |p 5175275 |r 2019-11-22 |t 1 |w 2019-11-22 |y BK_X |z Catalogado en:20150520 |k BUD | ||
| 952 | |0 0 |1 0 |2 ddc |3 erd |4 0 |6 983_000000000000000_ENC_1949 |7 0 |8 X |9 402890 |a FDOBUD |b FDOBUD |e Rojas Zúñiga, Herman, -2014 |h t.3 |i 5175283 |o 983 ENC 1949 |p 5175283 |r 2019-11-22 |t 1 |w 2019-11-22 |y BK_X |z Catalogado en:20150520 |k BUD | ||
| 952 | |0 0 |1 0 |2 ddc |3 erd |4 0 |6 983_000000000000000_ENC_1949 |7 0 |8 X |9 402891 |a FDOBUD |b FDOBUD |e Rojas Zúñiga, Herman, -2014 |h t.4 |i 5175291 |o 983 ENC 1949 |p 5175291 |r 2019-11-22 |t 1 |w 2019-11-22 |y BK_X |z Catalogado en:20150520 |k BUD | ||
| 952 | |0 0 |1 0 |2 ddc |3 erd |4 0 |6 983_000000000000000_ENC_1949 |7 0 |8 X |9 402892 |a FDOBUD |b FDOBUD |e Rojas Zúñiga, Herman, -2014 |h t.5 |i 5175305 |o 983 ENC 1949 |p 5175305 |r 2019-11-22 |t 1 |w 2019-11-22 |y BK_X |z Catalogado en:20150520 |k BUD | ||
| 952 | |0 0 |1 0 |2 ddc |3 erd |4 0 |6 983_000000000000000_ENC_1949 |7 0 |8 X |9 402893 |a FDOBUD |b FDOBUD |e Rojas Zúñiga, Herman, -2014 |h t.6 |i 5175313 |o 983 ENC 1949 |p 5175313 |r 2019-11-22 |t 1 |w 2019-11-22 |y BK_X |z Catalogado en:20150520 |k BUD | ||
| 952 | |0 0 |1 0 |2 ddc |3 erd |4 0 |6 983_000000000000000_ENC_1949 |7 0 |8 X |9 402894 |a FDOBUD |b FDOBUD |e Rojas Zúñiga, Herman, -2014 |h t.7 |i 5175321 |o 983 ENC 1949 |p 5175321 |r 2019-11-22 |t 1 |w 2019-11-22 |y BK_X |z Catalogado en:20150520 |k BUD | ||
| 952 | |0 0 |1 0 |2 ddc |3 erd |4 0 |6 983_000000000000000_ENC_1949 |7 0 |8 X |9 402895 |a FDOBUD |b FDOBUD |e Rojas Zúñiga, Herman, -2014 |h t.8 |i 517533K |o 983 ENC 1949 |p 517533K |r 2019-11-22 |t 1 |w 2019-11-22 |y BK_X |z Catalogado en:20150520 |k BUD | ||
| 952 | |0 0 |1 0 |2 ddc |3 erd |4 0 |6 983_000000000000000_ENC_1949 |7 0 |8 X |9 402896 |a FDOBUD |b FDOBUD |e Rojas Zúñiga, Herman, -2014 |h t.9 |i 5175348 |o 983 ENC 1949 |p 5175348 |r 2019-11-22 |t 1 |w 2019-11-22 |y BK_X |z Catalogado en:20150520 |k BUD | ||
| 952 | |0 0 |1 0 |2 ddc |3 erd |4 0 |6 983_000000000000000_ENC_1949 |7 0 |8 X |9 402897 |a FDOBUD |b FDOBUD |e Rojas Zúñiga, Herman, -2014 |h t.10 |i 5175356 |o 983 ENC 1949 |p 5175356 |r 2019-11-22 |t 1 |w 2019-11-22 |y BK_X |z Catalogado en:20150520 |k BUD | ||
| 952 | |0 0 |1 0 |2 ddc |3 erd |4 0 |6 983_000000000000000_ENC_1949 |7 0 |8 X |9 402898 |a FDOBUD |b FDOBUD |e Rojas Zúñiga, Herman, -2014 |h t.11 |i 5175364 |o 983 ENC 1949 |p 5175364 |r 2019-11-22 |t 1 |w 2019-11-22 |y BK_X |z Catalogado en:20150520 |k BUD | ||
| 952 | |0 0 |1 0 |2 ddc |3 erd |4 0 |6 983_000000000000000_ENC_1949 |7 0 |8 X |9 402899 |a FDOBUD |b FDOBUD |e Rojas Zúñiga, Herman, -2014 |h t.12 |i 5175372 |o 983 ENC 1949 |p 5175372 |r 2019-11-22 |t 1 |w 2019-11-22 |y BK_X |z Catalogado en:20150520 |k BUD | ||
| 952 | |0 0 |1 0 |2 ddc |3 erd |4 0 |6 983_000000000000000_ENC_1949 |7 0 |8 X |9 402900 |a FDOBUD |b FDOBUD |e Rojas Zúñiga, Herman, -2014 |h t.13 |i 5175380 |o 983 ENC 1949 |p 5175380 |r 2019-11-22 |t 1 |w 2019-11-22 |y BK_X |z Catalogado en:20150520 |k BUD | ||
| 952 | |0 0 |1 0 |2 ddc |3 erd |4 0 |6 983_000000000000000_ENC_1949 |7 0 |8 X |9 402901 |a FDOBUD |b FDOBUD |e Rojas Zúñiga, Herman, -2014 |h t.14 |i 5175399 |o 983 ENC 1949 |p 5175399 |r 2019-11-22 |t 1 |w 2019-11-22 |y BK_X |z Catalogado en:20150520 |k BUD | ||
| 952 | |0 0 |1 0 |2 ddc |3 erd |4 0 |6 983_000000000000000_ENC_1949 |7 0 |8 X |9 402902 |a FDOBUD |b FDOBUD |e Rojas Zúñiga, Herman, -2014 |h t.15 |i 5175402 |o 983 ENC 1949 |p 5175402 |r 2019-11-22 |t 1 |w 2019-11-22 |y BK_X |z Catalogado en:20150520 |k BUD | ||
| 952 | |0 0 |1 0 |2 ddc |3 erd |4 0 |6 983_000000000000000_ENC_1949 |7 0 |8 X |9 402903 |a FDOBUD |b FDOBUD |e Rojas Zúñiga, Herman, -2014 |h t.16 |i 5175410 |o 983 ENC 1949 |p 5175410 |r 2019-11-22 |t 1 |w 2019-11-22 |y BK_X |z Catalogado en:20150520 |k BUD | ||
| 952 | |0 0 |1 0 |2 ddc |3 erd |4 0 |6 983_000000000000000_ENC_1949 |7 0 |8 X |9 402904 |a FDOBUD |b FDOBUD |e Rojas Zúñiga, Herman, -2014 |h t.17 |i 5175429 |o 983 ENC 1949 |p 5175429 |r 2019-11-22 |t 1 |w 2019-11-22 |y BK_X |z Catalogado en:20150520 |k BUD | ||
| 952 | |0 0 |1 0 |2 ddc |3 erd |4 0 |6 983_000000000000000_ENC_1949 |7 0 |8 X |9 402905 |a FDOBUD |b FDOBUD |e Rojas Zúñiga, Herman, -2014 |h t.18 |i 5175437 |o 983 ENC 1949 |p 5175437 |r 2019-11-22 |t 1 |w 2019-11-22 |y BK_X |z Catalogado en:20150520 |k BUD | ||
| 952 | |0 0 |1 0 |2 ddc |3 erd |4 0 |6 983_000000000000000_ENC_1949 |7 0 |8 X |9 402906 |a FDOBUD |b FDOBUD |e Rojas Zúñiga, Herman, -2014 |h t.19 |i 5175445 |o 983 ENC 1949 |p 5175445 |r 2019-11-22 |t 1 |w 2019-11-22 |y BK_X |z Catalogado en:20150520 |k BUD | ||
| 952 | |0 0 |1 0 |2 ddc |3 erd |4 0 |6 983_000000000000000_ENC_1949 |7 0 |8 X |9 402907 |a FDOBUD |b FDOBUD |e Rojas Zúñiga, Herman, -2014 |h t.20 |i 5175453 |o 983 ENC 1949 |p 5175453 |r 2019-11-22 |t 1 |w 2019-11-22 |y BK_X |z Catalogado en:20150520 |k BUD | ||